00961nam a2200277Ia 450000500170000000800410001702000150005802000180007308200170009110000220010824500750013025000190020530000680022449000250029250000430031753400310036060000460039165000380043765000410047570000200051626400240053633600270056033700330058733800280062004000350064820220317001413.0161108s2007 sp a g 000 0 spa  a849353823X a978849353823104a844.91bS17v1 aSartre, Jean-Paul10aVenecia, TintorettocJean-Paul Sartre ; traducción de Carlos Manzano a1a. edición  a113, [12] páginas de láminasbilustraciones en colorc21 cm aEnsayo y Biografía aContiene datos biográficos del autor tLe séquestré de Venise14aTintoretto, Jacopod1518-1594xBiografias142LEMBaEnsayos francesesySiglo XX142LEMBaLiteratura francesa ySiglo XX1 aManzano, Carlos aMadridbGadirc2007 atextobtxt2rdacontent asin mediaciónbn2rdamedia avolumenbnc2rdacarrier aCO-BoRNBPbspaerdacCO-BoRNBP